Photometric atlas of the near infra-red solar spectrum lamda 8465 to lamda 25,242 (Record no. 7736)

MARC details
000 -LEADER
fixed length control field 00813nam a2200229Ia 4500
003 - CONTROL NUMBER IDENTIFIER
control field IN-BaIIA
008 - FIXED-LENGTH DATA ELEMENTS--GENERAL INFORMATION
fixed length control field 211028s9999 xx 000 0 eng d
040 ## - CATALOGING SOURCE
Transcribing agency IIA Library
080 ## - UNIVERSAL DECIMAL CLASSIFICATION NUMBER
Universal Decimal Classification number 084.4:523.9-355
Item number MOH
100 ## - MAIN ENTRY--PERSONAL NAME
Personal name Mohler, Orren C.
9 (RLIN) 13077
245 #0 - TITLE STATEMENT
Title Photometric atlas of the near infra-red solar spectrum lamda 8465 to lamda 25,242
Statement of responsibility, etc. Orren C. Mohler… [et al.]
260 ## - PUBLICATION, DISTRIBUTION, ETC.
Place of publication, distribution, etc. Ann Arbor
Name of publisher, distributor, etc. University of Michigan Press
Date of publication, distribution, etc. 1950
300 ## - PHYSICAL DESCRIPTION
Extent [various pagings.]
500 ## - GENERAL NOTE
General note Donated by Mrs. Bappu
650 ## - SUBJECT ADDED ENTRY--TOPICAL TERM
Topical term or geographic name entry element Astronomy and Astrophysics Thesaurus
650 ## - SUBJECT ADDED ENTRY--TOPICAL TERM
Topical term or geographic name entry element Atlas-Solar spectrum
9 (RLIN) 3118
650 ## - SUBJECT ADDED ENTRY--TOPICAL TERM
Topical term or geographic name entry element Solar spectrum atlas
9 (RLIN) 3119
700 ## - ADDED ENTRY--PERSONAL NAME
Personal name Goldberg, Leo
9 (RLIN) 1292
700 ## - ADDED ENTRY--PERSONAL NAME
Personal name McMath, Robert R.
9 (RLIN) 13078
700 ## - ADDED ENTRY--PERSONAL NAME
Personal name Pierce, Keith A.
9 (RLIN) 13079
942 ## - ADDED ENTRY ELEMENTS (KOHA)
Koha item type Books
Holdings
Withdrawn status Lost status Damaged status Not for loan Home library Current library Shelving location Date acquired Total Checkouts Full call number Barcode Date last seen Price effective from Koha item type
        IIA Library-Bangalore IIA Library-Bangalore General Stacks 02/08/1983   084.4:523.9-355/ MOH 8551 05/11/2021 02/08/1983 Books

Powered by Koha